Catálogo
 En Linea

Anuario científico. (Registro nro. 15615)

Detalles MARC
000 -CABECERA
campo de control de longitud fija 00447nas a2200157 a 4500
001 - NÚMERO DE CONTROL
campo de control 000016074
005 - FECHA Y HORA DE LA ÚLTIMA TRANSACCIÓN
campo de control 20200929164249.0
008 - DATOS DE LONGITUD FIJA--INFORMACIÓN GENERAL
campo de control de longitud fija 100224c19769999dr ar1p 0 0spa d
040 ## - FUENTE DE LA CATALOGACIÓN
Centro catalogador/agencia de origen DO-SdBNP
Lengua de catalogación spa
043 ## - CÓDIGO DE ÁREA GEOGRÁFICA
Código de área geográfica nwdr---
245 00 - MENCIÓN DE TÍTULO
Título Anuario científico.
260 ## - PUBLICACIÓN, DISTRIBUCIÓN, ETC.
Lugar de publicación, distribución, etc. San Pedro de Macorís, República Dominicana. :
Nombre del editor, distribuidor, etc. Universidad Central del Este.
300 ## - DESCRIPCIÓN FÍSICA
Extensión v. :
Otras características físicas il. ;
Dimensiones 23 cm.
310 ## - PERIODICIDAD ACTUAL
Periodicidad actual Anual
Fecha de comienzo de la periodicidad actual 1976-
362 0# - FECHAS DE PUBLICACIÓN Y/O DESIGNACIÓN SECUENCIAL
Fecha de publicación y/o designación secuencial Año 1. No.1 (1976-)

No hay ítems disponibles.

Con tecnología Koha